| 000 | 01956cam a22004694i 4500 | ||
|---|---|---|---|
| 003 | PE-LiUPU | ||
| 005 | 20250731183438.0 | ||
| 008 | 150706s r 000 0 d | ||
| 020 | _a968515001X | ||
| 035 | _a(Sirsi) i9789685150019 | ||
| 040 |
_aPE-LiUPU _bspa _cPE-LiUPU _erda |
||
| 049 | _aPRUA | ||
| 082 | 0 | 4 |
_a747.852 _bE8 _221 |
| 245 | 0 | 1 |
_aEspacios en arquitectura : _boficinas, restaurantes, espacios comerciales / _cedicion, Fernando de Haro, Omar Fuentes ; traducción, Willy de Winter. |
| 264 | 1 |
_aMéxico : _bArquitectos Mexicanos, _c1999. |
|
| 300 |
_a191 páginas : _bilustraciones, color ; _c28 cm. |
||
| 336 |
_atext _2rdacontent |
||
| 337 |
_aunmediated _2rdamedia |
||
| 338 |
_avolume _2rdacarrier |
||
| 500 | _aTexto en español e inglés. | ||
| 505 | 0 | _aArquitecturas Mexicanos -- Oficinas -- Restaurantes -- Espacios comerciales. | |
| 526 | _aP158 | ||
| 526 | _aP146 | ||
| 526 | _aP17 | ||
| 526 | _aP12 | ||
| 526 | _aP06 | ||
| 541 | _g015-0015390; | ||
| 650 | 0 | 4 |
_aEdificios comerciales _zMéxico. |
| 650 | 0 | 4 |
_aArquitectura de interiores _zMéxico _vObras ilustradas. |
| 650 | 0 | 4 |
_aEspacio (Arquitectura) _zMéxico _vObras ilustradas. |
| 650 | 0 | 4 |
_aArquitectura _zMéxico _xHistoria _ySiglo XX _vDiseños y planos. |
| 650 | 0 | 4 |
_aOficinas _xDiseño y construcción _vObras ilustradas. |
| 700 | 1 |
_aHaro Lebrija, Fernando de, _eed. |
|
| 700 | 1 |
_aFuentes Elizondo, Omar, _eed. |
|
| 700 | 1 |
_aWinter, Willy de, _etr. |
|
| 910 |
_cng _d20130610 |
||
| 942 |
_2ddc _cBOOK |
||
| 949 |
_a747.852 E8 _wDEWEY _c1 _i67492 _lCCODEBUL1 _mBUL _p54.00 _r0 _sY _tBOOK _u2015-7-6 _xINGENIERIA _PP06 _o.STAFF. Colección General |
||
| 994 |
_aC0 _bPEPRU |
||
| 596 | _a1 | ||
| 999 |
_a747.852 E8 _wDEWEY _c54863 _i67492 _d54863 _e2017-6-12 _f2021-11-10 _g7 _lCCODEBUL1 _mBUL _n1 _p54.00 _q1 _r0 _sY _tBOOK _u2015-7-6 _xINGENIERIA _PP06 _o.STAFF. Colección General |
||
| 980 |
_81 _gALBERTO SANCHEZ Responsable de Automatización |
||